000 01160cam a2200229 4500
001 ABS66949
008 030904n2003 000 0 eng u
035 _a(Sirsi) u123492
100 _aIrvine, R.
245 _aFocus 2003: Design and architecture
260 _c2003
490 _aEstates Gazette
_v(0334) 23 August 2003, 33-39(7)
520 _aSpecial report looking at recent building design. "Greening the workplace" reports on how although occupiers are becoming more environmentally friendly, many claim green buildings are too expensive to design; "High time for high density" examines how some developers and architects are campaigning for the renovation of 1960s high-rise estates as a solution to the homes crisis; "A crusader for style over substance" profiles Jon Rouse, the chief executive of the CABE, who hopes to persuade developers that good design can be financially rewarding.
590 _aABS
650 _aARCHITECTURE
650 _aGREEN BUILDINGS
650 _aHIGH DENSITY HOUSING
650 _aENVIRONMENTALLY FRIENDLY BUILDINGS
690 _aBUILT ENVIRONMENT-CONSTRUCTION DESIGN
700 _aWehner, P.
942 _n0
999 _c73350
_d73350